Bible truths unmasked. (Record no. 3377)

000 -LEADER
fixed length control field 00538nam a2200181 a 4500
001 - CONTROL NUMBER
control field :::00001107$&:&@@
003 - CONTROL NUMBER IDENTIFIER
control field OkBaRHE
005 - DATE AND TIME OF LATEST TRANSACTION
control field 20000607103241.0
008 - FIXED-LENGTH DATA ELEMENTS--GENERAL INFORMATION
fixed length control field s1950 j 000 0 eng u
040 ## - CATALOGING SOURCE
Transcribing agency
100 1# - MAIN ENTRY--PERSONAL NAME
Personal name Dake, Finis Jennings.
245 10 - TITLE STATEMENT
Title Bible truths unmasked.
260 ## - PUBLICATION, DISTRIBUTION, ETC. (IMPRINT)
Place of publication, distribution, etc Lawrenceville, GA., :
Name of publisher, distributor, etc Dake Bible Sales, Inc.
Date of publication, distribution, etc c1950
300 ## - PHYSICAL DESCRIPTION
Extent 114 p. ;
Dimensions 22 cm.
650 ## - SUBJECT ADDED ENTRY--TOPICAL TERM
Topical term or geographic name as entry element Bible
General subdivision Theology
942 ## - ADDED ENTRY ELEMENTS (KOHA)
Source of classification or shelving scheme
Koha item type Books
Copies
Not for loan Price effective from Full call number Current Location Koha item type Withdrawn status Copy number Damaged status Date checked out Barcode Total Checkouts Shelving location Total Renewals Lost status Date acquired Permanent Location Source of classification or shelving scheme Date last seen
 2010-04-14BS 543 .D3RHEMA Bible Training CollegeBooks 1 2014-10-0611072General Stacks1 2010-04-14RHEMA Bible Training College 2018-02-16